[Event "Suwalki Warakomska Memorial 7th"]
[Site "Suwalki"]
[Date "2023.08.14"]
[Round "9"]
[White "Sowul, Bartosz"]
[Black "Chojnacki, Krzysztof"]
[Result "1/2-1/2"]
[WhiteElo "2269"]
[BlackElo "2327"]
[PlyCount "57"]
[EventDate "2023.08.07"]
[EventType "swiss"]
[EventRounds "9"]
[EventCountry "POL"]
[SourceTitle "CBM 215 Extra"]
[Source "ChessBase"]
[SourceDate "2023.09.30"]
[SourceVersion "1"]
[SourceVersionDate "2023.09.30"]
[SourceQuality "1"]

1. e4 c5 2. Nf3 d6 3. d4 cxd4 4. Nxd4 Nf6 5. Nc3 Nc6 6. Bg5 e6 7. Qd2 a6 8. 0-0-0 Bd7 9. f3 Nxd4 10. Qxd4 Be7 11. h4 Qc7 12. Kb1 b5 13. Qd2 b4 14. Ne2 a5 15. c4 bxc3 16. Nxc3 Qb7 17. a4 h6 18. Be3 Rb8 19. Nb5 0-0 20. Bd3 d5 21. Bxh6 Bxb5 22. axb5 dxe4 23. fxe4 Nxe4 24. Qe2 gxh6 25. Qg4+ Kh8 26. Qf4 Kg7 27. Qg4+ Kh8 28. Qf4 Kg7 29. Qg4+ 1/2-1/2

[Event "Suwalki Warakomska Memorial 7th"]
[Site "Suwalki"]
[Date "2023.08.12"]
[Round "7"]
[White "Sowul, Bartosz"]
[Black "Praczukowski, Stanislaw"]
[Result "1-0"]
[WhiteElo "2269"]
[BlackElo "2120"]
[PlyCount "45"]
[EventDate "2023.08.07"]
[EventType "swiss"]
[EventRounds "9"]
[EventCountry "POL"]
[SourceTitle "CBM 215 Extra"]
[Source "ChessBase"]
[SourceDate "2023.09.30"]
[SourceVersion "1"]
[SourceVersionDate "2023.09.30"]
[SourceQuality "1"]

1. e4 c6 2. d4 d5 3. e5 Bf5 4. h4 a6 5. g4 Bd7 6. Be3 e6 7. Nc3 c5 8. Nge2 Nc6 9. f4 h5 10. g5 Nge7 11. Bh3 cxd4 12. Nxd4 Nxd4 13. Bxd4 Nc6 14. a3 Nxd4 15. Qxd4 Rc8 16. f5 Bc5 17. Qd3 Qc7 18. 0-0-0 Bxa3 19. fxe6 fxe6 20. Nxd5 Bxb2+ 21. Kb1 Qa5 22. Nf6+ Kd8 23. Qxd7# 1-0

[Event "Suwalki Warakomska Memorial 7th"]
[Site "Suwalki"]
[Date "2023.08.11"]
[Round "6"]
[White "Ilamparthi, AR."]
[Black "Sowul, Bartosz"]
[Result "1-0"]
[WhiteElo "2384"]
[BlackElo "2269"]
[PlyCount "89"]
[EventDate "2023.08.07"]
[EventType "swiss"]
[EventRounds "9"]
[EventCountry "POL"]
[SourceTitle "CBM 215 Extra"]
[Source "ChessBase"]
[SourceDate "2023.09.30"]
[SourceVersion "1"]
[SourceVersionDate "2023.09.30"]
[SourceQuality "1"]

1. e4 c5 2. Nf3 Nc6 3. d4 cxd4 4. Nxd4 Nf6 5. Nc3 d6 6. Bg5 g6 7. Bxf6 exf6 8. Bb5 Bd7 9. Qd2 Bg7 10. 0-0-0 0-0 11. Nb3 Qb6 12. Qd3 d5 13. Qxd5 Be6 14. Qc5 Bh6+ 15. Kb1 Bxb3 16. Qxb6 Bxa2+ 17. Nxa2 axb6 18. Bc4 Ra5 19. Bd5 Rfa8 20. c3 b5 21. g3 Ne5 22. Nb4 Bf8 23. Nc2 b4 24. cxb4 Rb5 25. f4 Ng4 26. Rd4 f5 27. e5 Rc8 28. Bc4 Rb6 29. b5 Be7 30. b3 Kf8 31. Rd2 Bc5 32. Rf1 Ke8 33. Rf3 f6 34. h3 Nh6 35. Rfd3 fxe5 36. Rd7 Be7 37. fxe5 Rd8 38. Rxd8+ Bxd8 39. Nb4 g5 40. e6 Be7 41. Nd5 Rd6 42. Ra2 Kf8 43. Ra8+ Rd8 44. Ra7 Rd6 45. Nxe7 1-0

[Event "Suwalki Warakomska Memorial 7th"]
[Site "Suwalki"]
[Date "2023.08.09"]
[Round "3"]
[White "Sowul, Bartosz"]
[Black "Sowinski, Pawel"]
[Result "1/2-1/2"]
[WhiteElo "2269"]
[BlackElo "2334"]
[PlyCount "150"]
[EventDate "2023.08.07"]
[EventType "swiss"]
[EventRounds "9"]
[EventCountry "POL"]
[SourceTitle "CBM 215 Extra"]
[Source "ChessBase"]
[SourceDate "2023.09.30"]
[SourceVersion "1"]
[SourceVersionDate "2023.09.30"]
[SourceQuality "1"]

1. e4 c6 2. d4 d5 3. e5 Bf5 4. h4 h5 5. Bd3 Bxd3 6. Qxd3 Qa5+ 7. Nd2 e6 8. Ngf3 Nh6 9. 0-0 Nf5 10. Nb3 Qa6 11. Qd1 Be7 12. g3 Nd7 13. Bg5 Bxg5 14. Nxg5 Rc8 15. Re1 g6 16. Kg2 Kf8 17. c3 Kg7 18. Qd2 Qa4 19. Nf3 b6 20. Nc1 c5 21. Ne2 Rc7 22. a3 Qa6 23. Rad1 Qc8 24. Qf4 Qd8 25. c4 Nf8 26. dxc5 bxc5 27. b4 cxb4 28. axb4 g5 29. Qxg5+ Qxg5 30. Nxg5 Rxc4 31. Ra1 Rc7 32. Nf4 Rb7 33. Ra6 Ng6 34. Nd3 Rc8 35. Rea1 Rc3 36. R1a3 d4 37. Rxc3 dxc3 38. Rc6 Rd7 39. Rxc3 Nfxh4+ 40. Kf1 Nf5 41. Nf3 Nge7 42. Nf4 Kh6 43. Ke2 Ng6 44. Nd3 Nge7 45. Nf4 Rb7 46. Rc4 Rb5 47. Kd3 Ng6 48. Nxg6 Kxg6 49. Ke4 f6 50. Kf4 Ne7 51. Nh4+ Kf7 52. exf6 Kxf6 53. Kf3 Nd5 54. Ng2 Nxb4 55. Nf4 a5 56. Ne2 Rf5+ 57. Kg2 Nd3 58. f4 Rc5 59. Ra4 Ne1+ 60. Kf2 Nc2 61. Kf3 Ke7 62. Ke4 Kd6 63. Kd3 Nb4+ 64. Kd4 Kc6 65. Nc3 Nc2+ 66. Kd3 Nb4+ 67. Kd4 Rf5 68. Ke4 Kb6 69. Ra1 Nd5 70. Ne2 Nf6+ 71. Kd3 Rd5+ 72. Nd4 Ne8 73. Rb1+ Kc7 74. Ke3 Kd7 75. Rb7+ Nc7 1/2-1/2

[Event "Suwalki Warakomska Memorial 7th"]
[Site "Suwalki"]
[Date "2023.08.08"]
[Round "2"]
[White "Hryharovich, Aliaksei"]
[Black "Sowul, Bartosz"]
[Result "0-1"]
[WhiteElo "2239"]
[BlackElo "2269"]
[PlyCount "116"]
[EventDate "2023.08.07"]
[EventType "swiss"]
[EventRounds "9"]
[EventCountry "POL"]
[SourceTitle "CBM 215 Extra"]
[Source "ChessBase"]
[SourceDate "2023.09.30"]
[SourceVersion "1"]
[SourceVersionDate "2023.09.30"]
[SourceQuality "1"]

1. c4 c6 2. Nf3 d5 3. d4 Nf6 4. e3 a6 5. c5 Bf5 6. Nc3 Nbd7 7. Nh4 Bg4 8. Qb3 Qc7 9. h3 Bh5 10. g4 Bg6 11. Nxg6 hxg6 12. Be2 e5 13. Bd2 Be7 14. Qc2 Nh7 15. 0-0-0 exd4 16. exd4 Ng5 17. Be3 Rxh3 18. Rxh3 Nxh3 19. Qd2 g5 20. Bf3 Nf4 21. Re1 Kf8 22. Rh1 Kg8 23. Ne2 Ne6 24. Qe1 g6 25. Qf1 Bf6 26. Qh3 Bg7 27. Qh7+ Kf8 28. Qh2 Qxh2 29. Rxh2 f5 30. Bd2 Re8 31. Bc3 Nf6 32. gxf5 gxf5 33. Ng3 g4 34. Bd1 f4 35. Nf5 f3 36. Bd2 Ne4 37. Be3 Bf6 38. Bc2 N6g5 39. Rh4 g3 40. fxg3 Nxg3 41. Nxg3 Rxe3 42. Rf4 Re6 43. Bf5 Re1+ 44. Kd2 Rg1 45. Nh5 Ke7 46. Nxf6 Kxf6 47. Bc8+ Ke7 48. Bxb7 Rg2+ 49. Ke1 Re2+ 50. Kd1 Rxb2 51. Bxa6 Rxa2 52. Bd3 f2 53. Bf5 Ne6 54. Rf3 Nxd4 55. Re3+ Kf6 56. Bd3 Nb3 57. Rf3+ Ke5 58. Bb1 Rd2# 0-1

[Event "Titled Tuesday intern op 27th Jun Early"]
[Site "Chess.com INT"]
[Date "2023.06.27"]
[Round "7"]
[White "Grigoriants, Sergey"]
[Black "Sowul, Bartosz"]
[Result "1/2-1/2"]
[WhiteElo "2562"]
[BlackElo "2269"]
[PlyCount "21"]
[EventDate "2023.06.27"]
[EventType "swiss (blitz)"]
[EventRounds "11"]
[EventCountry "USA"]
[SourceTitle "EXT 2024"]
[Source "ChessBase"]
[SourceDate "2023.10.10"]
[SourceVersion "1"]
[SourceVersionDate "2023.10.10"]
[SourceQuality "1"]

1. d4 Nf6 2. c4 c5 3. d5 b5 4. Qc2 bxc4 5. e4 e6 6. Bxc4 exd5 7. exd5 d6 8. Nc3 Be7 9. Nf3 0-0 10. 0-0 Bg4 11. Nh4 1/2-1/2

[Event "Titled Tuesday intern op 27th Jun Early"]
[Site "Chess.com INT"]
[Date "2023.06.27"]
[Round "8"]
[White "Sowul, Bartosz"]
[Black "Weetik, Vjacheslav"]
[Result "0-1"]
[WhiteElo "2269"]
[BlackElo "2423"]
[PlyCount "62"]
[EventDate "2023.06.27"]
[EventType "swiss (blitz)"]
[EventRounds "11"]
[EventCountry "USA"]
[SourceTitle "EXT 2024"]
[Source "ChessBase"]
[SourceDate "2023.10.10"]
[SourceVersion "1"]
[SourceVersionDate "2023.10.10"]
[SourceQuality "1"]

1. e4 c6 2. d4 d5 3. e5 Bf5 4. h4 Qb6 5. a4 h6 6. a5 Qc7 7. c3 e6 8. Nf3 a6 9. Bd3 Bg4 10. b4 Nd7 11. Nbd2 0-0-0 12. h5 f6 13. Qe2 fxe5 14. dxe5 c5 15. b5 c4 16. Bc2 axb5 17. Rh4 Bxf3 18. Nxf3 Bc5 19. Be3 Ne7 20. a6 Kb8 21. axb7 Qxb7 22. Nd4 Bxd4 23. Bxd4 Nc6 24. Kf1 Kc7 25. Bc5 Nxc5 26. Rg4 Rd7 27. Qe3 Qb6 28. Qg3 d4 29. Rxg7 d3 30. Rxd7+ Nxd7 31. Qg7 Rf8 0-1

[Event "Titled Tuesday intern op 20th Jun Early"]
[Site "Chess.com INT"]
[Date "2023.06.20"]
[Round "4"]
[White "Kovalenko, Igor"]
[Black "Sowul, Bartosz"]
[Result "0-1"]
[WhiteElo "2674"]
[BlackElo "2269"]
[PlyCount "78"]
[EventDate "2023.06.20"]
[EventType "swiss (blitz)"]
[EventRounds "11"]
[EventCountry "USA"]
[SourceTitle "EXT 2024"]
[Source "ChessBase"]
[SourceDate "2023.10.10"]
[SourceVersion "1"]
[SourceVersionDate "2023.10.10"]
[SourceQuality "1"]

1. c4 Nf6 2. Nc3 d5 3. cxd5 Nxd5 4. g3 c5 5. Bg2 Nc7 6. d3 e5 7. Nf3 Nc6 8. Nd2 Bd7 9. 0-0 Be7 10. Nc4 f6 11. f4 b5 12. Ne3 exf4 13. Nf5 b4 14. Na4 Ne6 15. gxf4 0-0 16. Kh1 Rc8 17. b3 Ncd4 18. Nxe7+ Qxe7 19. e3 Nf5 20. Bd2 Kh8 21. Nb2 Nh4 22. f5 Nxg2 23. Kxg2 Bc6+ 24. e4 Nd4 25. Rc1 g6 26. fxg6 Rg8 27. Rf4 Rxg6+ 28. Kh1 Rcg8 29. Be3 Qe5 30. Nc4 Qg5 31. Qf1 Qh5 32. Bxd4 cxd4 33. Qf2 Rg2 34. Qh4 Qe2 35. Rcf1 f5 36. Ne5 fxe4 37. Nxc6 exd3 38. Nxd4 Qe3 39. R4f3 Rg1+ 0-1

[Event "Titled Tuesday intern op 20th Jun Early"]
[Site "Chess.com INT"]
[Date "2023.06.20"]
[Round "5"]
[White "Kravtsiv, Martyn"]
[Black "Sowul, Bartosz"]
[Result "0-1"]
[WhiteElo "2598"]
[BlackElo "2269"]
[PlyCount "82"]
[EventDate "2023.06.20"]
[EventType "swiss (blitz)"]
[EventRounds "11"]
[EventCountry "USA"]
[SourceTitle "EXT 2024"]
[Source "ChessBase"]
[SourceDate "2023.10.10"]
[SourceVersion "1"]
[SourceVersionDate "2023.10.10"]
[SourceQuality "1"]

1. e4 c5 2. Nf3 d6 3. d4 cxd4 4. Nxd4 Nf6 5. Nc3 Nc6 6. Bb5 Bd7 7. 0-0 Nxd4 8. Qxd4 Bxb5 9. Nxb5 a6 10. Nc3 e6 11. a4 Be7 12. a5 0-0 13. Bd2 Qc7 14. Qd3 Qc6 15. Rfe1 Rac8 16. h3 Rfd8 17. Qg3 Kh8 18. Bg5 Qc5 19. Be3 Qc6 20. Bd4 e5 21. Bb6 Rd7 22. Rad1 Bd8 23. Bxd8 Rdxd8 24. Rd3 Qc5 25. Red1 Qxa5 26. Rxd6 Rxd6 27. Rxd6 Nxe4 28. Nxe4 Qe1+ 29. Kh2 Qxe4 30. Rd7 Kg8 31. c3 Re8 32. Qf3 Qxf3 33. gxf3 Rb8 34. Re7 f6 35. Kg3 Kf8 36. Rc7 a5 37. Kg4 b5 38. Kf5 b4 39. c4 a4 40. Ra7 a3 41. bxa3 b3 0-1

[Event "Titled Tuesday intern op 20th Jun Early"]
[Site "Chess.com INT"]
[Date "2023.06.20"]
[Round "3"]
[White "Sowul, Bartosz"]
[Black "Mrudul, Dehankar"]
[Result "1-0"]
[WhiteElo "2269"]
[BlackElo "2030"]
[PlyCount "59"]
[EventDate "2023.06.20"]
[EventType "swiss (blitz)"]
[EventRounds "11"]
[EventCountry "USA"]
[SourceTitle "EXT 2024"]
[Source "ChessBase"]
[SourceDate "2023.10.10"]
[SourceVersion "1"]
[SourceVersionDate "2023.10.10"]
[SourceQuality "1"]

1. e4 c6 2. d4 d5 3. e5 Bf5 4. h4 h5 5. Bd3 Bxd3 6. Qxd3 Qa5+ 7. Nd2 e6 8. Ngf3 Ne7 9. 0-0 Nf5 10. Nb3 Qb5 11. Qd1 Be7 12. g3 Nd7 13. a4 Qa6 14. Bg5 Rc8 15. c3 c5 16. dxc5 Bxc5 17. Nfd4 Bxd4 18. Nxd4 g6 19. Nxf5 gxf5 20. Re1 Rc4 21. Re3 Kf8 22. b3 Re4 23. Rxe4 fxe4 24. c4 Qc6 25. Rc1 Nxe5 26. Bf6 Nf3+ 27. Kg2 Rh6 28. cxd5 Qe8 29. d6 Rxf6 30. d7 1-0

[Event "Titled Tuesday intern op 20th Jun Early"]
[Site "Chess.com INT"]
[Date "2023.06.20"]
[Round "7"]
[White "Yuan, Qingyu"]
[Black "Sowul, Bartosz"]
[Result "0-1"]
[WhiteElo "2380"]
[BlackElo "2269"]
[PlyCount "78"]
[EventDate "2023.06.20"]
[EventType "swiss (blitz)"]
[EventRounds "11"]
[EventCountry "USA"]
[SourceTitle "EXT 2024"]
[Source "ChessBase"]
[SourceDate "2023.10.10"]
[SourceVersion "1"]
[SourceVersionDate "2023.10.10"]
[SourceQuality "1"]

1. e4 c5 2. Nf3 d6 3. Bb5+ Nd7 4. c3 a6 5. Ba4 Ngf6 6. Qe2 b5 7. Bc2 Bb7 8. 0-0 e6 9. d4 Be7 10. Rd1 Qc7 11. Bd3 Rc8 12. Nbd2 e5 13. dxe5 Nxe5 14. Nxe5 dxe5 15. c4 b4 16. Nf1 0-0 17. f3 Rfd8 18. Ne3 Rd4 19. Nd5 Bxd5 20. exd5 e4 21. fxe4 Bd6 22. h3 Bh2+ 23. Kh1 Re8 24. Bg5 Nxe4 25. Bxe4 Rdxe4 26. Qf1 Be5 27. Rd2 f6 28. Qf3 Bd6 29. Rf1 fxg5 30. Rdf2 Qe7 31. Qh5 g6 32. Qf3 Rf4 33. Qd3 Rxf2 34. Rxf2 Qe1+ 35. Rf1 Qe5 36. Kg1 Qh2+ 37. Kf2 Rf8+ 38. Ke2 Qxg2+ 39. Rf2 Qxf2+ 0-1

[Event "Titled Tuesday intern op 13th Jun Early"]
[Site "Chess.com INT"]
[Date "2023.06.13"]
[Round "5"]
[White "Goldin, Roman"]
[Black "Sowul, Bartosz"]
[Result "0-1"]
[WhiteElo "2323"]
[BlackElo "2269"]
[PlyCount "98"]
[EventDate "2023.06.13"]
[EventType "swiss (blitz)"]
[EventRounds "11"]
[EventCountry "USA"]
[SourceTitle "EXT 2024"]
[Source "ChessBase"]
[SourceDate "2023.10.10"]
[SourceVersion "1"]
[SourceVersionDate "2023.10.10"]
[SourceQuality "1"]

1. Nf3 c5 2. e4 d6 3. Bc4 Nf6 4. e5 dxe5 5. Nxe5 e6 6. Qe2 a6 7. a4 Qc7 8. d3 Bd6 9. f4 Nc6 10. Nxc6 Qxc6 11. Nc3 0-0 12. 0-0 b6 13. Ne4 Be7 14. Bd2 Bb7 15. Rae1 b5 16. Ba2 Rad8 17. Ng5 c4 18. dxc4 bxc4 19. Bc3 h6 20. Nxe6 fxe6 21. Qxe6+ Qxe6 22. Rxe6 Bc5+ 23. Kh1 Bd5 24. Rxa6 Ng4 25. h3 Ne3 26. Rg6 Rf7 27. Rf2 Nd1 28. Rd2 Nxc3 29. bxc3 Rxf4 30. Rxd5 Rxd5 31. a5 Rf1+ 32. Kh2 Bd6+ 33. Rxd6 Rxd6 34. Bxc4+ Kh8 35. Bxf1 Rd7 36. Bd3 Rc7 37. a6 Rxc3 38. Kg3 Kg8 39. Kf4 Kf8 40. Ke5 Ke7 41. Kd5 Kd7 42. Bb5+ Kc7 43. Kd4 Ra3 44. Bd3 Kb6 45. Ke5 Ra5+ 46. Ke6 Rg5 47. g4 h5 48. Bf5 Kxa6 49. h4 Rxg4 0-1

[Event "Titled Tuesday intern op 13th Jun Early"]
[Site "Chess.com INT"]
[Date "2023.06.13"]
[Round "3"]
[White "Sowul, Bartosz"]
[Black "Aditya, Mittal"]
[Result "1-0"]
[WhiteElo "2269"]
[BlackElo "2551"]
[PlyCount "135"]
[EventDate "2023.06.13"]
[EventType "swiss (blitz)"]
[EventRounds "11"]
[EventCountry "USA"]
[SourceTitle "EXT 2024"]
[Source "ChessBase"]
[SourceDate "2023.10.10"]
[SourceVersion "1"]
[SourceVersionDate "2023.10.10"]
[SourceQuality "1"]

1. e4 c5 2. Nc3 d6 3. d4 cxd4 4. Qxd4 Nc6 5. Qd2 g6 6. b3 Bh6 7. f4 f5 8. Bb2 Nf6 9. 0-0-0 Rf8 10. Kb1 fxe4 11. Nge2 Bg4 12. h3 Bxe2 13. Bxe2 Qb6 14. Rhf1 0-0-0 15. g4 Bg7 16. g5 Ne8 17. Nd5 Qa5 18. Qxa5 Nxa5 19. Bxg7 Nxg7 20. Nxe7+ Kb8 21. Rd4 Rfe8 22. Nd5 Nc6 23. Rdd1 Nf5 24. Nf6 Re7 25. Nd5 Rf7 26. Bc4 Rff8 27. Rde1 Rde8 28. Nf6 Re7 29. Rxe4 Rxe4 30. Nxe4 Ne3 31. Rf2 d5 32. Nc5 Rf7 33. Be2 b6 34. Nd3 Nd4 35. Bg4 Kc7 36. Ne5 Rf8 37. Kb2 Nxg4 38. hxg4 Ne6 39. Nd3 Kd6 40. Rh2 Rf7 41. Ne5 Re7 42. Nd3 Rf7 43. Rg2 Nxf4 44. Nxf4 Rxf4 45. Rh2 Rxg4 46. Rxh7 a5 47. Rb7 Kc6 48. Rf7 Rxg5 49. Rf6+ Kc5 50. Kc3 Rg3+ 51. Kd2 d4 52. Ke2 b5 53. a3 a4 54. Kf2 Rg5 55. b4+ Kc4 56. Rc6+ Kd5 57. Rc5+ Ke4 58. Rxg5 d3 59. cxd3+ Kxd3 60. Rxb5 Kc4 61. Ra5 Kb3 62. b5 Kxa3 63. b6 g5 64. b7 g4 65. b8Q g3+ 66. Kg2 Ka2 67. Qb4 a3 68. Rxa3# 1-0

[Event "Titled Tuesday intern op 13th Jun Early"]
[Site "Chess.com INT"]
[Date "2023.06.13"]
[Round "6"]
[White "Sowul, Bartosz"]
[Black "Jaracz, Pawel"]
[Result "0-1"]
[WhiteElo "2269"]
[BlackElo "2472"]
[PlyCount "102"]
[EventDate "2023.06.13"]
[EventType "swiss (blitz)"]
[EventRounds "11"]
[EventCountry "USA"]
[SourceTitle "EXT 2024"]
[Source "ChessBase"]
[SourceDate "2023.10.10"]
[SourceVersion "1"]
[SourceVersionDate "2023.10.10"]
[SourceQuality "1"]

1. e4 d6 2. d4 Nf6 3. Nc3 e5 4. Nf3 Nbd7 5. Bc4 Be7 6. a4 0-0 7. 0-0 c5 8. dxe5 dxe5 9. h3 Qc7 10. a5 h6 11. Qe2 Rd8 12. Nh4 Nf8 13. Nf5 Ne6 14. Nb5 Qd7 15. c3 Bf8 16. Na3 Qc6 17. Re1 Kh7 18. Bb5 Qc7 19. Nc4 g6 20. Ng3 Bg7 21. Ba4 Nf4 22. Bxf4 exf4 23. Nf1 Be6 24. Nfd2 Rab8 25. Bc2 b5 26. axb6 axb6 27. Nf3 b5 28. Nce5 b4 29. Ra6 bxc3 30. bxc3 Rb2 31. Rxe6 fxe6 32. Nc4 Rxc2 33. Qxc2 Qc6 34. Nfe5 Qa6 35. Nd2 Nd7 36. Nxd7 Rxd7 37. Nf3 Qd3 38. Qc1 Bxc3 39. Rf1 e5 40. Qa3 c4 41. Qa6 Qxe4 42. Rc1 Bd4 43. Qxc4 Qd5 44. Qe2 e4 45. Nh4 f3 46. gxf3 Qg5+ 47. Kh2 Qf4+ 48. Kg2 Qxc1 49. Qxe4 Qg5+ 50. Kh2 Be5+ 51. Kh1 Rd1+ 0-1

[Event "Titled Tuesday intern op 13th Jun Early"]
[Site "Chess.com INT"]
[Date "2023.06.13"]
[Round "10"]
[White "Sowul, Bartosz"]
[Black "Rakotomaharo, Fy Antenaina"]
[Result "1-0"]
[WhiteElo "2269"]
[BlackElo "2462"]
[PlyCount "85"]
[EventDate "2023.06.13"]
[EventType "swiss (blitz)"]
[EventRounds "11"]
[EventCountry "USA"]
[SourceTitle "EXT 2024"]
[Source "ChessBase"]
[SourceDate "2023.10.10"]
[SourceVersion "1"]
[SourceVersionDate "2023.10.10"]
[SourceQuality "1"]

1. e4 c5 2. Nc3 a6 3. g3 b5 4. Bg2 Bb7 5. Nge2 e6 6. d4 cxd4 7. Nxd4 d6 8. 0-0 Nd7 9. Re1 Rc8 10. a4 b4 11. Na2 a5 12. c3 bxc3 13. Nxc3 Be7 14. Ndb5 Nc5 15. Bf4 e5 16. Be3 Nf6 17. Bg5 0-0 18. Bxf6 Bxf6 19. Nd5 Ba6 20. Bf1 Bg5 21. h4 Bh6 22. Qf3 Kh8 23. Red1 Rc6 24. Ra3 Qd7 25. Kh2 f5 26. Bh3 g6 27. b4 Nxa4 28. Rxa4 Bxb5 29. Rxa5 Bc4 30. exf5 gxf5 31. Qh5 Kg7 32. Rda1 Bxd5 33. Rxd5 Rc2 34. Kg1 Qe6 35. Ra7+ Kh8 36. Rb5 Rc1+ 37. Kh2 Rc2 38. Rbb7 Qg6 39. Rxh7+ Qxh7 40. Rxh7+ Kxh7 41. Bxf5+ Kg8 42. Qg6+ Bg7 43. Be6+ 1-0

[Event "Titled Tuesday intern op 13th Jun Early"]
[Site "Chess.com INT"]
[Date "2023.06.13"]
[Round "4"]
[White "Srihari, LR."]
[Black "Sowul, Bartosz"]
[Result "1-0"]
[WhiteElo "2416"]
[BlackElo "2269"]
[PlyCount "89"]
[EventDate "2023.06.13"]
[EventType "swiss (blitz)"]
[EventRounds "11"]
[EventCountry "USA"]
[SourceTitle "EXT 2024"]
[Source "ChessBase"]
[SourceDate "2023.10.10"]
[SourceVersion "1"]
[SourceVersionDate "2023.10.10"]
[SourceQuality "1"]

1. c4 Nf6 2. Nc3 d5 3. cxd5 Nxd5 4. g3 c5 5. Bg2 Nc7 6. Nf3 Nc6 7. 0-0 e5 8. d3 Be7 9. Be3 Bd7 10. a3 0-0 11. Rb1 Rb8 12. b4 cxb4 13. axb4 b5 14. Ne4 Ne6 15. Qd2 Kh8 16. Rfc1 f5 17. Neg5 f4 18. Nxe6 Bxe6 19. Rxc6 fxe3 20. Qxe3 Bd5 21. Nxe5 Bxg2 22. Kxg2 Bf6 23. Nf3 Qd5 24. Rc5 Qa2 25. Rbc1 Rbe8 26. Qd2 Qxd2 27. Nxd2 Bd4 28. Ne4 Bxc5 29. Rxc5 Rb8 30. Nd6 a6 31. e4 Rb6 32. e5 h6 33. f4 Ra8 34. f5 Kg8 35. Kf3 a5 36. bxa5 Rxa5 37. Rc8+ Kh7 38. Nf7 g5 39. e6 Kg7 40. e7 Rf6 41. e8Q Rxf5+ 42. Kg4 Ra4+ 43. Kxf5 Rf4+ 44. gxf4 Kh7 45. Qg8# 1-0

[Event "Titled Tuesday intern op 13th Jun Early"]
[Site "Chess.com INT"]
[Date "2023.06.13"]
[Round "7"]
[White "Xie, Bryan"]
[Black "Sowul, Bartosz"]
[Result "1/2-1/2"]
[WhiteElo "2353"]
[BlackElo "2269"]
[PlyCount "120"]
[EventDate "2023.06.13"]
[EventType "swiss (blitz)"]
[EventRounds "11"]
[EventCountry "USA"]
[SourceTitle "EXT 2024"]
[Source "ChessBase"]
[SourceDate "2023.10.10"]
[SourceVersion "1"]
[SourceVersionDate "2023.10.10"]
[SourceQuality "1"]

1. e4 c5 2. Nf3 d6 3. d4 cxd4 4. Nxd4 Nf6 5. Nc3 Nc6 6. Bg5 g6 7. Bxf6 exf6 8. Qd2 Bg7 9. Ndb5 0-0 10. Nxd6 f5 11. exf5 Bxf5 12. Nxf5 gxf5 13. Qxd8 Raxd8 14. Bd3 Rfe8+ 15. Kf1 f4 16. Re1 Bxc3 17. bxc3 Ne5 18. Bb5 Re6 19. f3 Rd2 20. Ba4 Kg7 21. Bb3 Re7 22. Re4 Rd1+ 23. Re1 Rxe1+ 24. Kxe1 Nxf3+ 25. Kf2 Nd2 26. Rd1 Ne4+ 27. Kf3 Nxc3 28. Rd3 Ne2 29. Bd5 b6 30. a4 Kg6 31. c4 f5 32. Ra3 Kg5 33. a5 Nd4+ 34. Kf2 Re2+ 35. Kf1 Rd2 36. axb6 axb6 37. Ra7 Nc2 38. Rxh7 Ne3+ 39. Ke1 Rd1+ 40. Ke2 Rb1 41. Rg7+ Kf6 42. Rd7 Ke5 43. Re7+ Kd4 44. Rc7 Rb2+ 45. Kf3 Nxd5 46. cxd5 Kxd5 47. Kxf4 Rxg2 48. Rh7 Rf2+ 49. Ke3 Rf1 50. h4 b5 51. h5 b4 52. h6 Rh1 53. Kf4 Kc4 54. Kxf5 b3 55. Kg6 b2 56. Rc7+ Kb3 57. Rb7+ Kc2 58. h7 Rxh7 59. Kxh7 b1Q 60. Rxb1 Kxb1 1/2-1/2

[Event "Titled Tuesday intern op 30th May Early"]
[Site "Chess.com INT"]
[Date "2023.05.30"]
[Round "5"]
[White "Kraiouchkine, Nikita"]
[Black "Sowul, Bartosz"]
[Result "0-1"]
[WhiteElo "2218"]
[BlackElo "2269"]
[PlyCount "76"]
[EventDate "2023.05.30"]
[EventType "swiss (blitz)"]
[EventRounds "11"]
[EventCountry "USA"]
[SourceTitle "CBM 214 Extra"]
[Source "ChessBase"]
[SourceDate "2023.07.31"]
[SourceVersion "1"]
[SourceVersionDate "2023.07.31"]
[SourceQuality "1"]

1. e4 c5 2. Nf3 d6 3. d4 cxd4 4. Nxd4 Nf6 5. Nc3 Nc6 6. Bc4 e6 7. 0-0 a6 8. Be3 Qc7 9. Bb3 Na5 10. f4 b5 11. f5 e5 12. Nde2 Bb7 13. Ng3 Nc4 14. Bxc4 Qxc4 15. a3 h5 16. Bg5 h4 17. Nge2 Nxe4 18. Be3 h3 19. Qd3 hxg2 20. Rfe1 Rc8 21. Rad1 Nxc3 22. Nxc3 Qh4 23. Bf4 Qxf4 24. Qg3 Qxg3 25. hxg3 Rh1+ 26. Kf2 Be7 27. Rg1 Rxg1 28. Rxg1 Rxc3 29. bxc3 Bd8 30. Rxg2 Bxg2 31. Kxg2 Ba5 32. Kf3 Bxc3 33. Ke4 Kd7 34. Kd5 Bb2 35. g4 Bxa3 36. g5 Bc5 37. g6 fxg6 38. fxg6 a5 0-1

[Event "Titled Tuesday intern op 30th May Early"]
[Site "Chess.com INT"]
[Date "2023.05.30"]
[Round "3"]
[White "Sowul, Bartosz"]
[Black "Goutham Krishna, H."]
[Result "0-1"]
[WhiteElo "2269"]
[BlackElo "2176"]
[PlyCount "60"]
[EventDate "2023.05.30"]
[EventType "swiss (blitz)"]
[EventRounds "11"]
[EventCountry "USA"]
[SourceTitle "CBM 214 Extra"]
[Source "ChessBase"]
[SourceDate "2023.07.31"]
[SourceVersion "1"]
[SourceVersionDate "2023.07.31"]
[SourceQuality "1"]

1. e4 c5 2. Nc3 d6 3. d4 cxd4 4. Qxd4 Nf6 5. b3 g6 6. Bb2 Bg7 7. 0-0-0 0-0 8. Qd2 Nc6 9. Kb1 a6 10. f3 b5 11. Nge2 Be6 12. g4 Qb8 13. Nf4 a5 14. h4 b4 15. Na4 Ne5 16. Bxe5 dxe5 17. Nxe6 fxe6 18. Bc4 h5 19. Bxe6+ Kh7 20. Rdg1 Ra6 21. Bc4 Rd6 22. Qg2 Qc8 23. Nb2 Qc5 24. Nd3 Qd4 25. Qg3 a4 26. Qxe5 axb3 27. cxb3 Qe3 28. Qc5 Rxd3 29. Qxe7 Rd7 30. Qe5 Nxe4 0-1

[Event "Titled Tuesday intern op 30th May Early"]
[Site "Chess.com INT"]
[Date "2023.05.30"]
[Round "9"]
[White "Sowul, Bartosz"]
[Black "Nasir, Zehn"]
[Result "1-0"]
[WhiteElo "2269"]
[BlackElo "2057"]
[PlyCount "71"]
[EventDate "2023.05.30"]
[EventType "swiss (blitz)"]
[EventRounds "11"]
[EventCountry "USA"]
[SourceTitle "CBM 214 Extra"]
[Source "ChessBase"]
[SourceDate "2023.07.31"]
[SourceVersion "1"]
[SourceVersionDate "2023.07.31"]
[SourceQuality "1"]

1. e4 c6 2. d4 d5 3. e5 Bf5 4. h4 h5 5. Bd3 Bxd3 6. Qxd3 e6 7. Nf3 c5 8. dxc5 Nc6 9. c4 dxc4 10. Qxc4 Qa5+ 11. Nbd2 Qxc5 12. 0-0 Nh6 13. Qe2 Ng4 14. Ne4 Nd4 15. Nxd4 Qxd4 16. Bf4 a6 17. Rad1 Qb6 18. Qc4 Be7 19. Nd6+ Bxd6 20. exd6 0-0 21. Bg5 Rac8 22. Qe4 f6 23. Qxe6+ Kh8 24. Bf4 Rc2 25. Qf5 Nxf2 26. Qxc2 Nxd1+ 27. Kh2 Ne3 28. Bxe3 Qxe3 29. Qf5 Rd8 30. Qxh5+ Kg8 31. Qd5+ Kf8 32. Rf5 Qe1 33. Rh5 g6 34. Rh7 Qe5+ 35. Qxe5 fxe5 36. Rh8+ 1-0